000 00290nam a22001337a 4500
008 170425b xxu||||| |||| 00| 0 eng d
020 _a9780030059384
041 _aeng
080 _27TH
_a543
100 _a12
101 _aSHM
245 _aANALYTICAL CHEMISTRY
_cSKOOG
942 _2udc
_cBK
999 _c11951
_d11951